Introduction to environmental remote sensing

Saved in:
Bibliographic Details
Main Author: Barrett, E. C. (Eric Charles)
Other Authors: Curtis, L. F. (Leonard Frank)
Format: Book
Language:English
Published: London : Chapman and Hall, 1982
Edition:2nd ed.
Subjects:
Tags: Add Tag
No Tags, Be the first to tag this record!

MARC

LEADER 00000cam a2200000 i 4500
001 1/72391
008 961017s1982 eng d
020 |a 0-412-23080-1 
035 |l 10002972 
040 |a GR-MY-UA  |b gre  |e aacr 
041 0 |a eng 
082 0 |a 621.3678 
100 1 |a Barrett, E. C.  |q (Eric Charles) 
245 1 0 |a Introduction to environmental remote sensing /  |c E. C. Barrett and L. F. Curtis 
250 |a 2nd ed. 
260 |a London :   |b Chapman and Hall,   |c 1982 
300 |a x, 352 σ., [8] σ. πινάκων;  |b εικ. (μερ. έγχρ.);  |c 26 εκ. 
504 |a Περιέχει ευρετήριο 
650 0 0 |a Geography  |x Remote sensing. 
650 0 0 |a Remote sensing. 
700 1 |a Curtis, L. F.  |q (Leonard Frank) 
852 |a INST  |b LESVOS  |e 19961017  |h 621.3678 BAR  |p 005100009012  |q 005100009012  |t BK  |y 0 
909 |a Λ  |b 02379